Подробности
| 000 -МАРКЕР |
| контрольное поле |
02580nam2a2200301 4500 |
| 001 - ИДЕНТИФИКАТОР ЗАПИСИ |
| контрольное поле |
RU\NLR\BIBL_A\010761088 |
| 005 - ИДЕНТИФИКАТОР ВЕРСИИ |
| контрольное поле |
20250614094651.0 |
| 035 ## - ДРУГИЕ СИСТЕМНЫЕ НОМЕРА |
| Идентификатор записи |
(NLR Aleph) 010761088 |
| 100 ## - ДАННЫЕ ОБЩЕЙ ОБРАБОТКИ |
| Данные общей обработки |
20150521d2015 |||y0rusy50 ca |
| 101 0# - ЯЗЫК РЕСУРСА |
| Язык текста, звукозаписи и т.д. |
русский |
| 102 ## - СТРАНА ПУБЛИКАЦИИ ИЛИ ПРОИЗВОДСТВА |
| Страна публикации |
Российская Федерация |
| 105 ## - ПОЛЕ КОДИРОВАННЫХ ДАННЫХ: ТЕКСТОВЫЕ МАТЕРИАЛЫ, МОНОГРАФИЧЕСКИЕ |
| Кодированные данные о монографическом текстовом документе |
a|||z|||000yy |
| 200 1# - ЗАГЛАВИЕ И СВЕДЕНИЯ ОБ ОТВЕТСТВЕННОСТИ |
| Основное заглавие |
[Особенности соматических заболеваний у жителей блокадного Ленинграда и людей старших возрастных групп |
| Первые сведения об ответственности |
Ком. по здравоохранению Правительства Санкт-Петербурга, С.-Петерб. гос. бюджет. учреждение здравоохранения "Клин. гор. больница № 46 Святой Евгении" (Лечеб.-дигност., реабилитац. и науч. центр для жителей блокад. Ленинграда) |
| Последующие сведения об ответственности |
отв. ред.: к.м.н. А.С. Башкирцев] |
| 210 ## - ПУБЛИКАЦИЯ, РАСПРОСТРАНЕНИЕ И ДР. |
| Дата издания, распространения и т.д. |
2015 |
| Место издания, распространения и т.д. |
Б. м. |
| 215 ## - ФИЗИЧЕСКАЯ ХАРАКТЕРИСТИКА |
| Специфическое обозначение материала и объем |
295 с. |
| Другие сведения о физической характеристике |
ил. |
| 300 ## - ОБЩИЕ ПРИМЕЧАНИЯ |
| Текст примечания |
70-летию Победы в Великой Отеч. войне посвящается |
| 320 ## - ПРИМЕЧАНИЯ О НАЛИЧИИ В ДОКУМЕНТЕ БИБЛИОГРАФИИ / УКАЗАТЕЛЯ |
| Текст примечания |
Библиогр. в конце ст. |
| 461 #0 - УРОВЕНЬ НАБОРА |
| Встроенное поле |
001RU\NLR\BIBL_A\010768873 |
| -- |
2000#$aБолезни блокадников$e[особенности течения и лечения заболеваний у жителей блокадного Ленинграда, лиц пожилого и старческого возраста$eсборник статей]$vВып. 10, юбилейный |
| Системный номер (АБИС) связанной записи |
10012964 |
| Место публикации |
Санкт-Петербург |
| Дата публикации |
2013 |
| Имя издателя, распространителя и т.д. |
[б. и.] |
| Сведения, относящиеся к заглавию |
[особенности течения и лечения заболеваний у жителей блокадного Ленинграда, лиц пожилого и старческого возраста : сборник статей] |
| Заглавие |
Болезни блокадников |
| Номер тома |
Вып. 10, юбилейный |
| 606 1# - НАИМЕНОВАНИЕ ТЕМЫ КАК ПРЕДМЕТ |
| Наименование темы |
Соматические болезни блокадников |
| Системный номер авторитетной/нормативной записи |
2233863 |
| Идентификатор авторитетной/нормативной записи |
RU\NLR\AUTH\6601572825 |
| 606 1# - НАИМЕНОВАНИЕ ТЕМЫ КАК ПРЕДМЕТ |
| Наименование темы |
Соматические болезни пожилых и старых людей |
| Системный номер авторитетной/нормативной записи |
2233866 |
| Идентификатор авторитетной/нормативной записи |
RU\NLR\AUTH\6601572826 |
| 686 1# - ИНДЕКСЫ ДРУГИХ КЛАССИФИКАЦИЙ |
| Индекс |
Р41-92 |
| 702 #1 - ИМЯ ЛИЦА - ВТОРИЧНАЯ ОТВЕТСТВЕННОСТЬ |
| Начальный элемент ввода |
Башкирцев |
| Часть имени, кроме начального элемента ввода |
А.С. |
| Расширение инициалов личного имени |
Алексей Сергеевич |
| Код отношения |
Редактор |
| 712 02 - НАИМЕНОВАНИЕ ОРГАНИЗАЦИИ - ВТОРИЧНАЯ ОТВЕТСТВЕННОСТЬ |
| Код отношения |
Прочие |
| Начальный элемент ввода |
Клиническая городская больница Святой Евгении |
| Идентифицирующий признак |
46; Санкт-Петербург |
| Системный номер авторитетной/нормативной записи |
467162 |
| Идентификатор авторитетной/нормативной записи |
RU\NLR\AUTH\880400103 |
| 942 ## - ДОПОЛНИТЕЛЬНЫЕ ЭЛЕМЕНТЫ ЗАПИСИ (АБИС) |
| Тип экземпляра АБИС |
Книга |
| 980 ## - КОЛЛЕКЦИЯ |
| Название коллекции |
Национальная библиография |